| 000 | 00752nam a22002297a 4500 | ||
|---|---|---|---|
| 999 |
_c159151 _d159151 |
||
| 005 | 20181206123151.0 | ||
| 006 | a|||||f|||| 00| 0 | ||
| 007 | tc | ||
| 008 | 181206b |||||f|||| 00| 0 eng d | ||
| 010 | _aB-218247-B-218248 | ||
| 020 | _c3.00 (per set) | ||
| 035 | _aB-218247 | ||
| 037 | _bA.I.C.B. | ||
| 082 | _a921 | ||
| 100 | _aDabar,Ashok | ||
| 245 |
_aTansen _b: The Magical Musician _cBy Ashok Dabar |
||
| 260 |
_aDelhi _bA.I.C.B. _cN.D. |
||
| 270 |
_aSector-5,Rohini, _bNew Delhi _e110085 _k011-27054082 |
||
| 300 |
_aVarious pages _c30cm(HB) |
||
| 942 |
_2ddc _cBRLEN _h921 _mDAV |
||